000
00282nam a2200109Ia 4500
008
230907s9999||||xx |||||||||||||| ||und||
082
_a
621.31042
_b
RIZ
100
_a
Rizk, Farouk A. M.
_9
115967
245
0
_a
High voltage engineering /
300
_a
xxviii, 773 pages :
942
_c
BK
999
_c
600544
_d
600544